Hari Pahlawan meletus karena matangnja kondisi-kondisi rakjat Indonesia : (Record no. 61307)

MARC details
000 -LEADER
fixed length control field 00696cam a22002171 4500
001 - CONTROL NUMBER
control field sa 64009199
003 - CONTROL NUMBER IDENTIFIER
control field DLC
005 - DATE AND TIME OF LATEST TRANSACTION
control field 20260227112100.0
008 - FIXED-LENGTH DATA ELEMENTS--GENERAL INFORMATION
fixed length control field 850515s1962 io f000 0 ind
010 ## - LIBRARY OF CONGRESS CONTROL NUMBER
LC control number sa 64009199
035 ## - SYSTEM CONTROL NUMBER
System control number (OCoLC)12039467
040 ## - CATALOGING SOURCE
Original cataloging agency DLC
Transcribing agency IDeKN
Modifying agency DLC
042 ## - AUTHENTICATION CODE
Authentication code premarc
043 ## - GEOGRAPHIC AREA CODE
Geographic area code a-io---
050 00 - LIBRARY OF CONGRESS CALL NUMBER
Classification number DS644.2.1962
Item number .A6
100 1# - MAIN ENTRY--PERSONAL NAME
Personal name Abdulgani, Roeslan,
Dates associated with a name 1914-
245 10 - TITLE STATEMENT
Title Hari Pahlawan meletus karena matangnja kondisi-kondisi rakjat Indonesia :
Remainder of title sambutan Roeslan Abdulgani mendjelang Hari Pahlawan tanggal 10 Nopember 1962.
260 ## - PUBLICATION, DISTRIBUTION, ETC.
Place of publication, distribution, etc. Djakarta :
Name of publisher, distributor, etc. Departemen Penerangan,
-- 1962.
300 ## - PHYSICAL DESCRIPTION
Extent 20 p. ;
Dimensions 21 cm.
440 #0 - SERIES STATEMENT/ADDED ENTRY--TITLE
Title Penerbitan chusus ;
Volume/sequential designation 240

No items available.

Powered by Koha